[Event "Calgary March of Kings"]
[Site "Calgary"]
[Date "2017.??.??"]
[Round "5"]
[White "Haessel, Dale R"]
[Black "Harris, Adam"]
[Result "1-0"]
[WhiteElo "2142"]
[BlackElo "1846"]
[PlyCount "59"]
[EventDate "2017.03.11"]
[EventType "swiss"]
[EventRounds "5"]
[EventCountry "CAN"]
[SourceTitle "EXT 2019"]
[Source "ChessBase"]
[SourceDate "2018.10.10"]
[SourceVersion "1"]
[SourceVersionDate "2018.10.10"]
[SourceQuality "1"]

1. d4 Nf6 2. c4 e6 3. Nc3 Bb4 4. e3 0-0 5. Nge2 d5 6. a3 Be7 7. Nf4 b6 8. cxd5 exd5 9. g3 c6 10. Bg2 Ba6 11. Nd3 c5 12. 0-0 cxd4 13. exd4 Nc6 14. Re1 Bb7 15. Nf4 Na5 16. Qd3 Nb3 17. Ncxd5 Bxd5 18. Nxd5 Nxc1 19. Nxe7+ Qxe7 20. Raxc1 Qd7 21. Bxa8 Rxa8 22. Rc2 h5 23. Rec1 h4 24. Rc7 Qh3 25. Qc4 Rf8 26. Rc8 Ng4 27. Rxf8+ Kh7 28. Qd3+ g6 29. Rxf7+ Kh6 30. Qd2+ 1-0

[Event "Calgary March of Kings"]
[Site "Calgary"]
[Date "2017.??.??"]
[Round "3"]
[White "Harris, Adam"]
[Black "Papneja, Arul"]
[Result "1-0"]
[WhiteElo "1846"]
[BlackElo "1785"]
[PlyCount "68"]
[EventDate "2017.03.11"]
[EventType "swiss"]
[EventRounds "5"]
[EventCountry "CAN"]
[SourceTitle "EXT 2019"]
[Source "ChessBase"]
[SourceDate "2018.10.10"]
[SourceVersion "1"]
[SourceVersionDate "2018.10.10"]
[SourceQuality "1"]

1. d4 d5 2. c4 dxc4 3. Nc3 a6 4. a4 Nc6 5. Nf3 Nf6 6. e3 Bg4 7. Bxc4 e6 8. h3 Bh5 9. Be2 Bd6 10. 0-0 0-0 11. e4 Bxf3 12. Bxf3 e5 13. d5 Nd4 14. Be3 Bc5 15. Kh1 Qd6 16. Rc1 Nd7 17. Bg4 Bb6 18. Bxd7 Qxd7 19. Ne2 Nxe2 20. Qxe2 Bxe3 21. Qxe3 Rac8 22. Rc4 c6 23. Rfc1 f6 24. dxc6 Rxc6 25. Rxc6 bxc6 26. Qc5 Rb8 27. f3 Rc8 28. Qc4+ Kh8 29. Qxa6 Rc7 30. Qc4 Qd4 31. Qb3 Qa7 32. Rd1 Qa8 33. Qb6 Qc8 34. a5 Rb7 1-0

[Event "Calgary Schleinich Memorial"]
[Site "Calgary"]
[Date "2009.01.02"]
[Round "1"]
[White "Harris, Adam"]
[Black "Milne, Arthur"]
[Result "0-1"]
[WhiteElo "1905"]
[BlackElo "1883"]
[PlyCount "44"]
[EventDate "2009.01.02"]
[EventType "tourn"]
[EventRounds "5"]
[EventCountry "CAN"]
[SourceTitle "EXT 2011"]
[Source "ChessBase"]
[SourceDate "2010.11.26"]
[SourceVersion "1"]
[SourceVersionDate "2010.11.26"]
[SourceQuality "1"]

1. e4 Nc6 2. Nf3 d6 3. Nc3 Bg4 4. Be2 e6 5. 0-0 Nf6 6. d4 Be7 7. Be3 d5 8. e5 Nd7 9. Nd2 Bxe2 10. Nxe2 0-0 11. f4 f6 12. Nf3 fxe5 13. fxe5 Nb6 14. b3 Qd7 15. Qe1 Nb4 16. Qd2 Rac8 17. c3 Na6 18. Qe1 c5 19. Qg3 cxd4 20. cxd4 Kh8 21. Qg4 Nb4 22. Bg5 Nc6 0-1

[Event "Edmonton May Sectionals A,B,C,D"]
[Site "Edmonton"]
[Date "2007.05.20"]
[Round "4"]
[White "Harris, Adam"]
[Black "Pedersen, Rick"]
[Result "0-1"]
[WhiteElo "1792"]
[BlackElo "1999"]
[PlyCount "62"]
[EventDate "2007.05.19"]
[EventType "swiss"]
[EventRounds "5"]
[EventCountry "CAN"]
[SourceTitle "EXT 2022"]
[Source "ChessBase"]
[SourceDate "2021.10.06"]
[SourceVersion "1"]
[SourceVersionDate "2021.10.06"]
[SourceQuality "1"]

1. d4 Nf6 2. c4 g6 3. Nf3 Bg7 4. Nc3 0-0 5. e4 d6 6. Be2 e5 7. 0-0 Nc6 8. d5 Ne7 9. b4 a5 10. bxa5 c6 11. a6 bxa6 12. dxc6 Nxc6 13. Ba3 Qa5 14. Qxd6 Qxc3 15. Qxc6 Bd7 16. Qd6 Nxe4 17. Qd3 Rfe8 18. Qxe4 Qxa3 19. Ng5 h6 20. Nxf7 Kxf7 21. Rfd1 Be6 22. Rd3 Qe7 23. Rf3+ Bf6 24. Bd3 Bf5 25. Qd5+ Qe6 26. Qb7+ Qd7 27. Qxd7+ Bxd7 28. Be4 Rab8 29. Rd1 Bg4 30. Rxf6+ Kxf6 31. Rd6+ Be6 0-1

[Event "Edmonton May Sectionals A,B,C,D"]
[Site "Edmonton"]
[Date "2007.05.19"]
[Round "3"]
[White "Milne, Arthur"]
[Black "Harris, Adam"]
[Result "1/2-1/2"]
[WhiteElo "1890"]
[BlackElo "1792"]
[PlyCount "70"]
[EventDate "2007.05.19"]
[EventType "swiss"]
[EventRounds "5"]
[EventCountry "CAN"]
[SourceTitle "EXT 2022"]
[Source "ChessBase"]
[SourceDate "2021.10.06"]
[SourceVersion "1"]
[SourceVersionDate "2021.10.06"]
[SourceQuality "1"]

1. f4 Nf6 2. Nf3 e6 3. g3 b6 4. Bg2 Bb7 5. 0-0 d5 6. e3 Be7 7. b3 Nbd7 8. Bb2 0-0 9. d3 c5 10. Nbd2 Rc8 11. Qe2 Ba6 12. c4 Qc7 13. Rac1 Rfe8 14. Ne5 dxc4 15. bxc4 Nxe5 16. fxe5 Nd7 17. Nf3 Nf8 18. a4 Red8 19. a5 b5 20. Nd2 Ng6 21. cxb5 Bxb5 22. Nc4 Bxc4 23. dxc4 Nxe5 24. Qh5 f5 25. e4 Nd3 26. Rb1 Nxb2 27. Rxb2 Bf6 28. Rb5 g6 29. Qe2 Rb8 30. exf5 Bd4+ 31. Kh1 exf5 32. Rfb1 Re8 33. Rxb8 Rxb8 34. Qe6+ Kh8 35. Rxb8+ Qxb8 1/2-1/2